00000000cam 2200000zi 4500
0019.952997
003CaOODSP
00520260528071526
006m     o  d f      
007cr cn|||||||||
008250708e20250529oncabdo ob   f000 0 fre d
020 |a9780660780566 |q(rapport)
020 |a9780660780573 |q(sommaire)
040 |aCaOODSP|bfre|erda|cCaOODSP
043 |an-cn---
0861 |aNR16-250/2025F-PDF
0861 |aNR16-250/2025-1F-PDF
24500|aÉvaluation du Centre de recherche en technologies numériques / |cBureau de la vérification et de l'évaluation.
250 |a[Édition de 29 mai 2025].
264 1|a[Ottawa] : |bConseil national de recherches Canada = National Research Council Canada, |cle 29 mai 2025.
264 4|c©2025
300 |a1 ressource en ligne (73 pages) : |billustrations, cartes, graphiques, photographies + |e1 sommaire (3 pages)
336 |atexte|btxt|2rdacontent/fre
337 |ainformatique|bc|2rdamedia/fre
338 |aressource en ligne |bcr|2rdacarrier/fre
500 |aTitre de la couverture.
500 |aPublié aussi en anglais sous le titre : Evaluation of the Digital Technologies Research Centre.
504 |aComprend des références bibliographiques.
520 |a« Lors des exercices 2023-2024 et 2024-2025, le Centre de recherche en technologies numériques (TN) du Conseil national de recherches du Canada (CNRC) a fait l'objet d'une évaluation qui portait sur la période allant de 2017-2018 à 2023-2024. L'evaluation précédente remontait à 2018 et couvrait la période de 2012-2013 à 2016-2017. Cette évaluation se conforme au plan sanctionné par le CNRC et à la Politique sur les résultats de 2016 du Conseil du Trésor » -- Introduction, page 5.
61026|aConseil national de recherches Canada|xÉvaluation.
650 6|aInnovations|xRecherche|zCanada.
7102 |aConseil national de recherches du Canada. |bBureau de la vérification et de l’évaluation, |eorganisme de publication.
77508|tEvaluation of the Digital Technologies Research Centre / |w(CaOODSP)9.952994
795 |tÉvaluation du Centre de recherche en technologies numériques du CNRC : |b[Édition de 13 août 2018]|w(CaOODSP)9.866172
85640|qPDF|s1.30 Mo|uhttps://publications.gc.ca/collections/collection_2026/cnrc-nrc/NR16-250-2025-fra.pdf|zRapport
85640|qPDF|s189 Ko|uhttps://publications.gc.ca/collections/collection_2026/cnrc-nrc/NR16-250-2025-1-fra.pdf|zSommaire
8564 |qHTML|sS.O.|uhttps://nrc.canada.ca/fr/organisation/planification-rapports/evaluation-centre-recherche-technologies-numeriques-2025-2026|zRapport
8564 |qHTML|sS.O.|uhttps://nrc.canada.ca/fr/organisation/planification-rapports/evaluation-centre-recherche-technologies-numeriques-2025-2026-rapport-sommaire|zSommaire